History skills

Αποθηκεύτηκε σε:
Λεπτομέρειες βιβλιογραφικής εγγραφής
Άλλοι συγγραφείς: Abbott, Mary 1942- (Επιμελητής έκδοσης)
Μορφή: Βιβλίο
Γλώσσα:English
Δημοσίευση: London ; New York : Routledge, 1996
Θέματα:
Ετικέτες: Προσθήκη ετικέτας
Δεν υπάρχουν, Καταχωρήστε ετικέτα πρώτοι!

MARC

LEADER 00000nam a2200000 i 4500
001 1/49651
008 070730s1996 eng d
020 |a 0-415-11630-9 
035 |l 10089244 
040 |a GR-MY-UA  |b gre  |e aacr 
041 0 |a eng 
082 0 |a 907.1  |2 (22) 
245 1 0 |a History skills /  |c edited by Mary Abbott 
260 |a London ; New York :   |b Routledge,   |c 1996 
300 |a 116 σ.;  |c 21 εκ. 
504 |a Περιλαμβάνει βιβλιογραφίες και ευρετήριο 
650 0 0 |a History  |x Study and teaching (Secondary)  |z United States. 
700 1 |a Abbott, Mary  |d 1942-  |4 edt 
852 |a INST  |b RHODES  |e 20070730  |h 907.1 HIS  |p 005400026182  |q 005400026182  |t BK  |y 0 
901 |a BIBL4-2007-2 
909 |a Ρ  |b 135561 
922 |a 4ΕΛΗ  |b 200706  |c ΕΠΕΑΕΚ2/ΠΤΔΕ  |d Σ. ΠΑΤΑΚΗΣ 
970 |a ΜΙΣΣΟΣ  |b ΣΤΑΥΡΟΣ  |z 2007/07/30